Miféle náció -nálizmus
Elmentve itt :
| Szerző: | |
|---|---|
| Adatforrás: | Meister |
| Forrásdokumentuma: | Helikon. - 1 sz., 1995, 1; 4 p. |
| Nyelv: | magyar |
| Kulcsszavak: | politikai publicisztika nacionalizmus nemzet sovinizmus magyarok nacionalizmus (magyar) magyar nacionalizmus |
| LEADER | 00506nab a2200193 i 4500 | ||
|---|---|---|---|
| 001 | bibPRO00009532 | ||
| 008 | 060524s1995 xx hun | ||
| 040 | |a Sz1 | ||
| 041 | |a hun | ||
| 100 | 1 | |a SZŐCS István | |
| 245 | 1 | 0 | |a Miféle náció -nálizmus |c SZŐCS István |
| 695 | |a politikai publicisztika | ||
| 695 | |a nacionalizmus | ||
| 695 | |a nemzet | ||
| 695 | |a sovinizmus | ||
| 695 | |a magyarok | ||
| 695 | |a nacionalizmus (magyar) | ||
| 695 | |a magyar nacionalizmus | ||
| 773 | 0 | |t Helikon. - |g 1 sz., 1995, 1; 4 p. | |